Physical chemistry / (Record no. 183333)
[ view plain ]
| 000 -LEADER | |
|---|---|
| fixed length control field | 00838 a2200217 4500 |
| 003 - CONTROL NUMBER IDENTIFIER | |
| control field | Nust |
| 005 - DATE AND TIME OF LATEST TRANSACTION | |
| control field | 20221012154956.0 |
| 010 ## - LIBRARY OF CONGRESS CONTROL NUMBER | |
| LC control number | 75026773 |
| 020 ## - INTERNATIONAL STANDARD BOOK NUMBER | |
| International Standard Book Number | 0023397608 |
| 040 ## - CATALOGING SOURCE | |
| Transcribing agency | Nust |
| 082 00 - DEWEY DECIMAL CLASSIFICATION NUMBER | |
| Classification number | 540.3,FRI |
| 100 1# - MAIN ENTRY--PERSONAL NAME | |
| Personal name | Fried, Vojtech. |
| 9 (RLIN) | 100057 |
| 245 10 - TITLE STATEMENT | |
| Title | Physical chemistry / |
| Statement of responsibility, etc. | Vojtech Fried, Hendrik F. Hameka, Uldis Blu?. |
| 260 ## - PUBLICATION, DISTRIBUTION, ETC. | |
| Place of publication, distribution, etc. | New York : |
| Name of publisher, distributor, etc. | Macmillan, |
| Date of publication, distribution, etc. | c1977. |
| 300 ## - PHYSICAL DESCRIPTION | |
| Extent | xix, 983 p. : |
| Other physical details | ill. ; |
| Dimensions | 26 cm. |
| 505 ## - FORMATTED CONTENTS NOTE | |
| Formatted contents note | PART-1: States of Matter (Page-1) PART-2: Classical Thermodynamics (Page-85) PART-3: Quantum Mechanics (Page-285) PART-4: Statistical Thermodynamics (Page-569) PART-5: Chemical Kinetics (Page-627) PART-6: Electrochemistry (Page-831). |
| 650 #0 - SUBJECT ADDED ENTRY--TOPICAL TERM | |
| Topical term or geographic name entry element | Chemistry, Physical and theoretical. |
| 9 (RLIN) | 1241 |
| 700 1# - ADDED ENTRY--PERSONAL NAME | |
| Personal name | Blukis, Uldis, |
| 9 (RLIN) | 100058 |
| 700 1# - ADDED ENTRY--PERSONAL NAME | |
| Personal name | Hameka, Hendrik F., |
| 9 (RLIN) | 100059 |
| 942 ## - ADDED ENTRY ELEMENTS (KOHA) | |
| Source of classification or shelving scheme | |
| Koha item type | Book |
| Withdrawn status | Lost status | Source of classification or shelving scheme | Damaged status | Not for loan | Permanent Location | Current Location | Shelving location | Date acquired | Full call number | Barcode | Date last seen | Price effective from | Koha item type | Public note |
|---|---|---|---|---|---|---|---|---|---|---|---|---|---|---|
| Military College of Signals (MCS) | Military College of Signals (MCS) | General Stacks | 12/12/2016 | 540.3,FRI | MCS6443 | 12/08/2016 | 12/12/2016 | Book | Almirah No.25, Shelf No.3 | |||||
| Military College of Signals (MCS) | Military College of Signals (MCS) | General Stacks | 12/12/2016 | 540.3,FRI | MCS6575 | 12/08/2016 | 12/12/2016 | Book | Almirah No.25, Shelf No.3 |
